Statistics for Most Agricultural Exports From Grain Deal

Click here to take the quiz!

General Stats

  • This quiz has been taken 2 times
  • The average score is 4 of 12

Answer Stats

AmountAnswer% Correct
8China
100%
.52Belgium
50%
.59India
50%
2.1Italy
50%
2Netherlands
50%
6Spain
50%
1.1Bangladesh
0%
1.6Egypt
0%
.87Israel
0%
.56Libya
0%
.71Portugal
0%
3.2Türkiye
0%

Score Distribution

Percentile by Number Answered

Percent of People with Each Score

Your Score History

You have not taken this quiz